00894nam a2200193 a 450000100100000000500170001000800410002702000150006804000250008310000350010824500750014326000420021830000200026050000700028095201170035095201050046795201110057299900170068300003785020201002031127.0130307s2011 mx 000 0 spa d a9685146861 aDO-SdBNPbspacBNPHU1 aStevenson, Robert Louis96429913aEl extraño caso del dr. Jekyll y mr. Hyde /cRobert Louis Stevenson. aMéxico :bEdiciones Leyenda,c2011. a76 p. ;c22 cm. aIncluye datos biográficos del autor en la solapa de la cubierta 001054708MOaGRbGRcCTd2013-03-07iLF1l0o p37850-30r2020-06-25te. 3w2020-06-25y4ZPréstamo en sala 001050718MOaPDbPDcCTd2013-03-07iLF1l0o p37850-10r2020-06-25w2020-06-25y1ZNo se presta 001050718MOaPDbPDcCTd2013-03-07iLF1l0o p37850-20r2020-06-25te. 2w2020-06-25y1ZNo se presta c37340d37340